Managerial economics. (Record no. 3845)

000 -LEADER
fixed length control field 00695cam a22002771i 4500
001 - CONTROL NUMBER
control field 2455295
003 - CONTROL NUMBER IDENTIFIER
control field Nust
005 - DATE AND TIME OF LATEST TRANSACTION
control field 20170105101226.0
008 - FIXED-LENGTH DATA ELEMENTS--GENERAL INFORMATION
fixed length control field 730213s1951 nyua b 000 0 eng
010 ## - LIBRARY OF CONGRESS CONTROL NUMBER
LC control number 51002414
035 ## - SYSTEM CONTROL NUMBER
System control number (OCoLC)228898
035 ## - SYSTEM CONTROL NUMBER
System control number (OCoLC)ocm00228898
035 ## - SYSTEM CONTROL NUMBER
System control number (NNC)2455295
040 ## - CATALOGING SOURCE
Original cataloging agency S3H
Transcribing agency 0
050 0# - LIBRARY OF CONGRESS CALL NUMBER
Classification number HD31
Item number .D38
082 ## - DEWEY DECIMAL CLASSIFICATION NUMBER
Classification number 658
090 ## - LOCALLY ASSIGNED LC-TYPE CALL NUMBER (OCLC); LOCAL CALL NUMBER (RLIN)
Classification number (OCLC) (R) ; Classification number, CALL (RLIN) (NR) HD31
Local cutter number (OCLC) ; Book number/undivided call number, CALL (RLIN) .D34
100 1# - MAIN ENTRY--PERSONAL NAME
Personal name Dean, Joel,
Dates associated with a name 1906-1979.
245 10 - TITLE STATEMENT
Title Managerial economics.
260 ## - PUBLICATION, DISTRIBUTION, ETC.
Place of publication, distribution, etc. New York,
Name of publisher, distributor, etc. Prentice-Hall,
Date of publication, distribution, etc. 1951.
300 ## - PHYSICAL DESCRIPTION
Extent xiv, 621 p.
Other physical details diagrs.
Dimensions 24 cm.
504 ## - BIBLIOGRAPHY, ETC. NOTE
Bibliography, etc. note Bibliographical footnotes.
650 #0 - SUBJECT ADDED ENTRY--TOPICAL TERM
Topical term or geographic name entry element Managerial economics.
942 ## - ADDED ENTRY ELEMENTS (KOHA)
Source of classification or shelving scheme
Koha item type Book
Holdings
Withdrawn status Lost status Source of classification or shelving scheme Damaged status Not for loan Collection code Permanent Location Current Location Shelving location Date acquired Total Checkouts Full call number Barcode Date last seen Price effective from Koha item type
            Central Library (CL) Central Library (CL) General Stacks 12/09/2016   338.5024658 DEA S3H-N-1204 12/09/2016 12/09/2016 Book
            Central Library (CL) Central Library (CL) General Stacks 12/09/2016   338.5024658 DEA S3H-N-1205 12/09/2016 12/09/2016 Book
© 2023 Central Library, National University of Sciences and Technology. All Rights Reserved.